Handlowanie to gra : od namawiania i żebrania do zaspokojenia potrzeb klienta /
Spremljeno u:
| Glavni autor: | |
|---|---|
| Autor kompanije: | |
| Daljnji autori: | |
| Format: | Knjiga |
| Jezik: | poljski |
| Izdano: |
Warszawa : Gliwice :
"Kontrakt" ; "Helion",
[2004].
|
| Izdanje: | Wydanie 3. |
| Teme: | |
| Oznake: |
Bez oznaka, Budi prvi tko označuje ovaj zapis!
|
MARC
| LEADER | 00000nam a2200000 i 4500 | ||
|---|---|---|---|
| 001 | 991024338079705066 | ||
| 005 | 20260515100513.0 | ||
| 008 | 040720s2004 pl |000 0 pol | ||
| 009 | b0000001664092 | ||
| 015 | |a UWD 2004/15234 | ||
| 020 | |a 8373612653 | ||
| 035 | |a (PL-WaBN)b16640925-48omnis_nlop | ||
| 035 | |a b16640925 | ||
| 035 | |a (OCoLC)749627342 | ||
| 035 | |a zz2004983870 | ||
| 035 | |a (PL)b0000001664092 | ||
| 035 | |a (EXLNZ-48OMNIS_NETWORK)9910709505305606 | ||
| 040 | |a WA N |c WA N |d WA N |d KR 295 | ||
| 041 | 0 | |a pol | |
| 080 | |a 658.8(07) | ||
| 100 | 1 | |a Haman, Wojciech |d (1954- ) |e Autor | |
| 245 | 1 | 0 | |a Handlowanie to gra : |b od namawiania i żebrania do zaspokojenia potrzeb klienta / |c Wojciech Haman, Jerzy Gut. |
| 250 | |a Wydanie 3. | ||
| 260 | |a Warszawa : |b "Kontrakt" ; |a Gliwice : |b "Helion", |c [2004]. | ||
| 300 | |a 260 stron ; |c 21 cm + |e CD-ROM. | ||
| 336 | |a Tekst |b txt |2 rdacontent | ||
| 337 | |a Bez urządzenia pośredniczącego |b n |2 rdamedia | ||
| 338 | |a Wolumin |b nc |2 rdacarrier | ||
| 380 | |a Książki | ||
| 500 | |a Poprz. wyd. pt.: Handlowanie to gra czyli Od namawiania i żebrania do zaspokojenia potrzeb klienta. | ||
| 650 | 7 | |a Obsługa klienta |2 DBN | |
| 650 | 7 | |a Techniki sprzedaży |2 DBN | |
| 655 | 7 | |a Podręcznik |2 DBN | |
| 700 | 1 | |a Gut, Jerzy |d (1955- ) |2 DBN | |
| 710 | 2 | |a Helion |e Wydawca |4 pbl | |
| 942 | |2 ddc |c BK |n 0 | ||
| 952 | |0 0 |1 0 |2 ddc |4 0 |6 W__21_000000000000000 |7 0 |9 8 |a WRO |b WRO |d 2026-04-10 |e da |g 10.00 |i WRO-021 |l 1 |o W.21 |p 2000100000212 |r 2026-04-16 05:19:07 |s 2026-04-14 |v 10.00 |w 2026-04-10 |y BK | ||
| 999 | |c 8 |d 8 | ||